Comprehension (0 521 58360 8)

保存先:
書誌詳細
第一著者: WALTER KINTSCH
フォーマット: 図書
言語:Undetermined
出版事項: Cambridge 1997
タグ: タグ追加
タグなし, このレコードへの初めてのタグを付けませんか!
Thư viện lưu trữ: Trung tâm Học liệu Trường Đại học Cần Thơ
LEADER 00379nam a2200145Ia 4500
001 CTU_49656
008 210402s9999 xx 000 0 und d
082 |a 153 
082 |b K56 
100 |a WALTER KINTSCH 
245 0 |a Comprehension (0 521 58360 8) 
245 0 |c WALTER KINTSCH 
260 |b Cambridge 
260 |c 1997 
980 |a Trung tâm Học liệu Trường Đại học Cần Thơ